000 00476pab a2200169 454500
008 180718b2005 xxu||||| |||| 00| 0 eng d
100 _aRamotra, Krishan Chand
245 _aGeographical analysis of population pressure on land in Maharashtra
260 _c2005
300 _ap.138-44.
650 _aMaharashtra - Population
650 _aPopulation
700 _aPawar, D.H.
700 _aVadiyar, S.K.
773 _aIndian Journal of Regional Science
909 _a66193
999 _c66193
_d66193